Dyscypliny olimpijskie 2020 - Statystyki

Ogólne statystyki
  • Ten quiz został rozwiązany 753 razy
  • Średni wynik to 17 z 36
Statystyki odpowiedzi
Dyscyplina % Poprawnych
Piłka nożna
90%
Siatkówka
86%
Koszykówka
80%
Lekkoatletyka
79%
Piłka ręczna
79%
Pływanie
77%
Kolarstwo
68%
Tenis
64%
Kajakarstwo
63%
Boks
60%
Tenis stołowy
55%
Zapasy
55%
Judo
52%
Łucznictwo
48%
Gimnastyka
47%
Strzelectwo
47%
Wioślarstwo
47%
Karate
46%
Podnoszenie ciężarów
43%
Skoki do wody
40%
Szermierka
40%
Piłka wodna
38%
Jeździectwo
37%
Badminton
36%
Hokej na trawie
36%
Rugby 7
35%
Żeglarstwo
35%
Golf
33%
Taekwondo
30%
Baseball
29%
Wspinczka sportowa
29%
Triathlon
26%
Pięciobój nowoczesny
23%
Surfing
14%
Skateboarding
12%
Softball
9%
Nie znaleziono quizów pasujących do podanych kryteriów
Rozkład punktacji
Procent ludzi z każdym wynikiem
Percentyl według liczby udzielonych odpowiedzi
Twoja historia wyników
Nie rozwiązałeś tego quizu